Word Ladder: Sign of Summer Quiz Stats

 Plays Quiz Updated May 17, 2018

Challenge
Share
Tweet
Embed
Score 0/36 Timer 04:00
0 Plays Today
Clue 4-Letter Word % Correct
'Life In The Fast ____'LANE
95%
❂ WINTER AILMENT ❂❂ COLD ❂
94.3%
FungusMOLD
91.8%
Farm shedBARN
91.8%
AdoreLOVE
91.4%
Lisa's TV brotherBART
91.2%
Femur or tibia, e.g.BONE
90.4%
Give temporarilyLEND
89.7%
Lion movie: '____ Free'BORN
89.1%
Terra firmaLAND
88.3%
Queue, statesideLINE
87.7%
❂ MALTED BEVERAGE ❂❂ BEER ❂
87.5%
❂ FISHING LURE ❂❂ BAIT ❂
87.4%
❂ KIND OF WIRE OR MUSIC ❂❂ LIVE ❂
85.7%
❂ AT THIS LOCATION ❂❂ HERE ❂
85.4%
UtteredSAID
85.2%
Go firstLEAD
84.5%
Cafe au ____LAIT
82.9%
Clue 4-Letter Word % Correct
DrillBORE
82.4%
KnowledgeLORE
82.4%
RationalSANE
81%
GritSAND
80.9%
OgleLEER
80.8%
NemesisBANE
80.7%
RestedLAID
80.3%
Business jet brandLEAR
79.3%
❂ REALTOR'S SIGN ❂❂ SOLD ❂
76.4%
BrashBOLD
76.1%
AttitudeMOOD
75.1%
Tree trunkBOLE
72%
HurtingSORE
68.1%
South African settlerBOER
67.6%
SingleSOLE
67.5%
DrySERE
65.3%
Othello, e.g.MOOR
64.1%
LoutBOOR
62.5%

Today's Daily Dose

Missing Word
Top 10 Artists

Word Ladder
'70s Song II

On This Day
October 20th II

You're not logged in!

Compare scores with friends on all Sporcle quizzes.
Join for Free
OR
Log In

You Might Also Like...

Show Comments

Extras

Top Quizzes Today


Score Distribution

Your Account Isn't Verified!

In order to create a playlist on Sporcle, you need to verify the email address you used during registration. Go to your Sporcle Settings to finish the process.

Report this User

Report this user for behavior that violates our Community Guidelines.

Details: